Subdivision capitals closest to Lviv (UA) - Statistics

General Stats
  • This quiz has been taken 24 times
  • The average score is 12 of 20
Answer Stats
Distance (km) Answer % Correct
1 114 Ivano-Frankivsk
87%
18 294 Kraków
87%
14 252 Brest
80%
7 187 Lublin
80%
3 137 Luck
80%
6 185 Užhorod
80%
8 218 Hmeljnickij
73%
5 180 Rivne
73%
9 222 Černjivci
67%
11 236 Košice
67%
4 146 Rzeszów
67%
2 117 Ternopilj
67%
12 243 Satu Mare
47%
13 245 Baia Mare
40%
10 222 Prešov
40%
15 267 Kielce
33%
16 269 Nyíregyháza
33%
19 294 Suceava
27%
17 277 Briceni
13%
20 297 Ocnița
13%
No matching quizzes found
Score Distribution
Percent of People with Each Score
Percentile by Number Answered
Your Score History
You have not taken this quiz